Drive Lyrics Quiz - Incubus - Statistics

General Stats
  • This quiz has been taken 32 times
  • The average score is 152 of 197
Answer Stats
Answer % Correct
a
100%
And
100%
and
100%
drive?
100%
drive
100%
I
100%
I,
100%
the
100%
to
100%
be
95%
I'll
95%
there
95%
there,
95%
when
95%
So
90%
wheel
90%
brings,
86%
brings
86%
take
86%
tomorrow
86%
Whatever
86%
With
86%
arms
81%
eyes,
81%
it
81%
me
81%
open
81%
yeah
81%
my
76%
of
76%
choose
71%
clear
71%
feel
71%
I'm
71%
It's
71%
over
71%
Sometimes,
71%
that
71%
That
71%
Uncertainty
71%
water
71%
appeal
67%
before,
67%
but
67%
But
67%
can't
67%
fear
67%
have
67%
mass
67%
one
67%
steer
67%
stinging
67%
wine
67%
wine?
67%
ask
62%
beginning
62%
Haunting
62%
help
62%
lately,
62%
myself
62%
myself,
62%
seems
62%
hold
57%
Hold
57%
let
57%
you
57%
behind
52%
driven
52%
find
52%
How
52%
much
52%
oh
52%
Should
52%
vague
52%
hive
48%
Will
48%
around
43%
else
43%
found
43%
gets
43%
is
43%
Would
43%
everyone
38%
if
38%
way
38%
light
33%
own
33%
decide
29%
Ah,
24%
waiver
24%
Chance
14%
ooh
14%
ah-ah,
10%
beggining
0%
No matching quizzes found
Score Distribution
Percent of People with Each Score
Percentile by Number Answered
Your Score History
You have not taken this quiz